| 000 | 00619cam a2200229 4500 | ||
|---|---|---|---|
| 008 | 090401t1993 xxu||||| |||| 00| 0 eng d | ||
| 020 | _a0852908792 | ||
| 035 | _a(Sirsi) u42944 | ||
| 041 | _aeng | ||
| 050 | _a658.404 | ||
| 100 | _aYoung, T. | ||
| 245 | _aPlanning projects : 20 steps to effective project planning. | ||
| 260 |
_aLondon _bIndustrial Society _c1993 |
||
| 300 | _ax,149p. : ill. ; 21cm. | ||
| 350 | _a6.95 | ||
| 490 | _aManagers Pocket Guides | ||
| 650 | _aMANAGEMENT | ||
| 650 | _aMANAGEMENT-PROJECT MANAGEMENT | ||
| 690 |
_aProject management _96261 |
||
| 942 | _n0 | ||
| 948 | _c04/03/1997 | ||
| 999 |
_c91212 _d91212 |
||